000 00661nam a2200277Ia 4500
005 20260324122034.0
008 008 260324s9999 xx 000 0 eng d
020 _a9780429089053
037 _aEBOOK
040 _aCRL
040 _beng
040 _cCRL
041 _2eng
041 _aeng
084 _qCRL
100 _aNick Campbell; Matej Rojc
_91164868
245 0 _aCoverbal Synchrony in Human-Machine Interaction
260 _bTaylor and Francis
260 _c2013
365 _a
365 _b385
856 _uhttp://www.taylorfrancis.com/books/9780429089053
942 _cEBOOK
999 _c1757326
_d1757326